[Event "Titled Tue 20th May Early"]
[Site "chess.com INT"]
[Date "2025.05.20"]
[Round "3"]
[White "Deveci, Huseyin Said"]
[Black "Ghosh, Chanchal Kumer"]
[Result "0-1"]
[WhiteTitle "CM"]
[BlackTitle "CM"]
[WhiteElo "2212"]
[BlackElo "2018"]
[WhiteFideId "26322455"]
[BlackFideId "10201858"]
[EventDate "2025.05.20"]

1. c4 e5 2. Nc3 Bc5 3. g3 Nc6 4. Bg2 a6 5. e3 Ba7 6. Nge2 d6 7. O-O Nge7 8. d4
exd4 9. exd4 Nf5 10. Be3 O-O 11. Qd2 h5 12. Bg5 f6 13. Be3 h4 14. Nf4 hxg3 15.
hxg3 Re8 16. Bd5+ Kh7 17. Kg2 g6 18. Bf7 Nce7 19. Ne4 Kg7 20. Bxe8 Qxe8 21. d5
Nxe3+ 22. fxe3 Nf5 23. Nf2 Nxe3+ 24. Kg1 Nxf1 25. Rxf1 g5 26. Re1 Qf7 27. Ne6+
Bxe6 28. dxe6 Qh5 29. Kg2 Re8 30. Ne4 Rxe6 31. c5 Qg6 32. Qd3 dxc5 0-1

[Event "Titled Tue 20th May Early"]
[Site "chess.com INT"]
[Date "2025.05.20"]
[Round "3"]
[White "Bruhovich, Olexandr"]
[Black "Shafer, Logan C"]
[Result "1-0"]
[WhiteTitle "CM"]
[BlackTitle "CM"]
[WhiteElo "2208"]
[BlackElo "2291"]
[WhiteFideId "14119919"]
[BlackFideId "30993342"]
[EventDate "2025.05.20"]

1. e4 c6 2. d4 d5 3. e5 c5 4. Nf3 Bg4 5. dxc5 Nc6 6. h3 Bxf3 7. Qxf3 e6 8. Bf4
Bxc5 9. Bd3 Nge7 10. O-O Ng6 11. Qg3 Nxf4 12. Qxf4 O-O 13. c3 Qc7 14. Re1 f6 15.
Qh4 f5 16. Qf4 Kh8 17. h4 Rad8 18. Nd2 d4 19. c4 Bb4 20. a3 Bxd2 21. Qxd2 Rd7
22. f4 a5 23. b4 b6 24. Rab1 axb4 25. axb4 Ra8 26. Ra1 Rdd8 27. Qb2 Qe7 28. b5
Nb4 29. Rxa8 Rxa8 30. Ra1 Rxa1+ 31. Qxa1 h5 32. Qa8+ Kh7 33. Be2 Qc5 34. Bxh5
d3+ 35. Kh2 Qf2 36. Kh3 Qxf4 37. Qe8 Qh6 38. Bf7 Qe3+ 39. g3 g5 40. Qg8+ Kh6 41.
Qg6# 1-0

[Event "Titled Tue 20th May Early"]
[Site "chess.com INT"]
[Date "2025.05.20"]
[Round "3"]
[White "Winkels, Marcel"]
[Black "Dyulgerov, Volen"]
[Result "0-1"]
[WhiteTitle "CM"]
[BlackTitle "CM"]
[WhiteElo "1918"]
[BlackElo "2200"]
[WhiteFideId "1003887"]
[BlackFideId "2918978"]
[EventDate "2025.05.20"]

1. e4 e5 2. Nf3 d5 3. Nxe5 Nf6 4. d4 Nxe4 5. Bd3 Bd6 6. Nf3 O-O 7. O-O Bg4 8. c4
c6 9. Nc3 f5 10. h3 Nd7 11. cxd5 cxd5 12. Nxd5 Ndf6 13. Nxf6+ Nxf6 14. hxg4 fxg4
15. Ne5 g3 16. fxg3 Bxe5 17. dxe5 Qd4+ 18. Kh2 Ng4+ 19. Kh3 Nf2+ 20. Rxf2 Qxf2
21. Bf4 Rad8 22. Qb3+ Kh8 23. Rf1 Qd4 24. e6 Rfe8 25. Bc4 h6 26. Bc7 Rc8 27. Bf4
Qxc4 28. Qf3 Qxe6+ 29. Kh2 Rf8 30. Qd3 Rcd8 31. Qc3 Qf6 32. Qb3 g5 33. Qxb7 gxf4 0-1

[Event "Titled Tue 20th May Early"]
[Site "chess.com INT"]
[Date "2025.05.20"]
[Round "3"]
[White "Kis, Lorand Bela"]
[Black "Ostanin, Vadim"]
[Result "0-1"]
[BlackTitle "FM"]
[WhiteElo "1955"]
[BlackElo "2317"]
[WhiteFideId "2024098"]
[BlackFideId "24125016"]
[EventDate "2025.05.20"]

1. d4 d5 2. c4 dxc4 3. Nf3 Nf6 4. e3 e6 5. Bxc4 c5 6. O-O a6 7. a4 Nc6 8. Nc3
Be7 9. Qe2 cxd4 10. Rd1 O-O 11. exd4 Nb4 12. Ne5 b6 13. Ne4 Bb7 14. Ng5 Bd5 15.
Ra3 Bxc4 16. Nxc4 h6 17. Nxe6 fxe6 18. Qxe6+ Kh8 19. Ne5 Nbd5 20. Rh3 Qe8 21.
Bxh6 gxh6 22. Rxh6+ Kg7 23. Rg6+ Qxg6 24. Nxg6 Kxg6 25. Rd3 Kh6 26. Rh3+ Kg7 27.
Rg3+ Kh8 28. Rh3+ Kg7 29. Rg3+ Kh8 30. Rh3+ Nh7 31. Qxd5 Ra7 32. Qe4 Bf6 33. Rh6
Rg7 34. g3 Kg8 35. Rg6 Ng5 36. Rxg7+ Kxg7 0-1

[Event "Titled Tue 20th May Early"]
[Site "chess.com INT"]
[Date "2025.05.20"]
[Round "3"]
[White "Napoli, Nicolo"]
[Black "Gonzalez Vega, Alejandro"]
[Result "1-0"]
[WhiteTitle "FM"]
[BlackTitle "FM"]
[WhiteElo "2245"]
[BlackElo "2092"]
[WhiteFideId "813702"]
[BlackFideId "3510042"]
[EventDate "2025.05.20"]

1. e4 c5 2. c3 Nf6 3. e5 Nd5 4. d4 cxd4 5. Qxd4 e6 6. Nf3 Nc6 7. Qe4 f5 8. Qe2
Be7 9. g3 O-O 10. Bg2 a6 11. O-O b5 12. Rd1 Rb8 13. a4 Qc7 14. Na3 Qb7 15. axb5
axb5 16. Bf1 Bxa3 17. Rxa3 b4 18. cxb4 Ncxb4 19. Bg2 Qc7 20. Nd4 f4 21. Be4 g6
22. Nf3 fxg3 23. hxg3 Bb7 24. Bh6 Bc6 25. Nd4 Qxe5 26. Nxc6 Nxc6 27. Bxf8 Rxf8
28. Rf3 Rxf3 29. Bxf3 Qxe2 30. Bxe2 Nce7 31. Bc4 Kf7 32. Kg2 Ke8 33. Rh1 Kd8 34.
Rxh7 Kc7 35. Bd3 Kd6 36. Rg7 Nb4 37. Bxg6 Ned5 38. Bb1 Nc6 39. Be4 Ndb4 40. Bxc6
Nxc6 41. Rg4 e5 42. Ra4 Ke6 43. b4 Nd4 44. g4 d6 45. Ra5 Nc6 46. Rb5 Nd4 47. Rb8
e4 48. b5 1-0

[Event "Titled Tue 20th May Early"]
[Site "chess.com INT"]
[Date "2025.05.20"]
[Round "3"]
[White "Barrientos, Ernesto"]
[Black "Skliarov, Viktor"]
[Result "0-1"]
[WhiteTitle "CM"]
[BlackTitle "IM"]
[WhiteElo "2027"]
[BlackElo "2334"]
[WhiteFideId "3701247"]
[BlackFideId "14106736"]
[EventDate "2025.05.20"]

1. e4 c5 2. Nf3 Nc6 3. d4 cxd4 4. Nxd4 Nf6 5. Nc3 e5 6. Ndb5 d6 7. Bg5 a6 8. Na3
b5 9. Bxf6 gxf6 10. Nd5 f5 11. c3 Bg7 12. exf5 Bxf5 13. Nc2 O-O 14. Nce3 Be6 15.
Bd3 f5 16. O-O Ra7 17. a4 b4 18. cxb4 f4 19. Qh5 Bf6 20. Nxf4 exf4 21. Nd5 Be5
22. Bc4 Nxb4 23. Rfd1 Nxd5 24. Bxd5 Bxd5 25. Rxd5 Rg7 26. Rad1 Qb6 27. R1d2 Qb4
28. Qd1 f3 29. g3 Qg4 30. Qf1 Rb8 31. Qxa6 Qh3 32. Qf1 Qxf1+ 33. Kxf1 Rc7 34.
Rd1 Rxb2 35. R5d3 Rf7 36. h4 Ra2 37. R1d2 Rxa4 0-1

[Event "Titled Tue 20th May Early"]
[Site "chess.com INT"]
[Date "2025.05.20"]
[Round "3"]
[White "Kao, Jamison Edrich"]
[Black "Carlsson, Ludvig"]
[Result "1-0"]
[WhiteTitle "CM"]
[BlackTitle "IM"]
[WhiteElo "2018"]
[BlackElo "2374"]
[WhiteFideId "6007937"]
[BlackFideId "1727010"]
[EventDate "2025.05.20"]

1. e4 e5 2. Nf3 Nf6 3. Nc3 Nc6 4. Bb5 Nd4 5. Bc4 Bc5 6. d3 d6 7. Na4 Bb6 8. c3
Nxf3+ 9. Qxf3 Be6 10. Bxe6 fxe6 11. O-O O-O 12. Nxb6 axb6 13. Qe2 Qe8 14. a3 Nh5
15. g3 Qg6 16. Kh1 Rf7 17. Be3 Raf8 18. a4 Nf6 19. a5 bxa5 20. Rxa5 Ng4 21. Kg2
Qh5 22. h3 Nxe3+ 23. Qxe3 Rf3 24. Qd2 Qf7 25. Ra7 b6 26. b4 h6 27. b5 d5 28. c4
Qd7 29. Qe2 dxc4 30. dxc4 Rd3 31. Rxc7 Qxc7 32. Qxd3 Qc5 33. Qe2 Kh7 34. Rc1 Rd8
35. Rc3 Rd4 36. h4 Qd6 37. h5 Rd2 38. Qg4 Qd4 39. Rf3 Rd1 40. Rf8 Rg1+ 41. Kxg1
Qd1+ 42. Qxd1 1-0

[Event "Titled Tue 20th May Early"]
[Site "chess.com INT"]
[Date "2025.05.20"]
[Round "3"]
[White "Meylan, Andre"]
[Black "Lloret Ramis, Juan Jose"]
[Result "1-0"]
[WhiteTitle "CM"]
[BlackTitle "FM"]
[WhiteElo "2138"]
[BlackElo "2019"]
[WhiteFideId "1301225"]
[BlackFideId "2204053"]
[EventDate "2025.05.20"]

1. e4 c5 2. Nf3 Nf6 3. d4 Nxe4 4. d5 d6 5. c4 e6 6. Bd3 Nf6 7. dxe6 Bxe6 8. O-O
Be7 9. Nc3 Nc6 10. a3 O-O 11. Bf4 Qd7 12. Re1 Rfe8 13. Qc2 Bg4 14. Ng5 h6 15.
Nge4 Nd4 16. Qd2 Nb3 17. Qe3 Nxa1 18. Rxa1 Nxe4 19. Qxe4 g6 20. Nd5 Bf5 21. Qf3
Bxd3 22. Qxd3 Bd8 23. Bxh6 a6 24. Qc3 f6 25. Nxf6+ Bxf6 26. Qxf6 Re6 27. Qc3
Rae8 28. h4 d5 29. cxd5 Re5 30. Rd1 R8e7 31. Qxc5 Re1+ 32. Rxe1 Rxe1+ 33. Kh2
Qf7 34. d6 Re8 35. Qd4 Rd8 36. Bg5 Rd7 37. Qe5 Kh7 38. Be7 Qf5 39. Qe3 1-0

[Event "Titled Tue 20th May Early"]
[Site "chess.com INT"]
[Date "2025.05.20"]
[Round "3"]
[White "Leinov, Roman"]
[Black "Liu, Casper"]
[Result "0-1"]
[WhiteTitle "CM"]
[BlackTitle "FM"]
[WhiteElo "2120"]
[BlackElo "2325"]
[WhiteFideId "13504649"]
[BlackFideId "1454153"]
[EventDate "2025.05.20"]

1. d4 d5 2. c4 dxc4 3. Nf3 Nf6 4. e3 Bg4 5. Bxc4 e6 6. Be2 c5 7. Qa4+ Nc6 8.
dxc5 Bxc5 9. Nc3 a6 10. O-O O-O 11. Rd1 Qc7 12. a3 b5 13. Qc2 h6 14. h3 Bf5 15.
e4 Bh7 16. Bd3 Rfd8 17. Qe2 Nd4 18. Nxd4 Bxd4 19. Bd2 Qb6 20. Be1 Bg6 21. e5
Bxd3 22. Rxd3 Nd7 23. Rad1 Nxe5 24. Rxd4 Rxd4 25. Qxe5 Rxd1 26. Nxd1 Rd8 27. Ne3
f6 28. Qe4 e5 29. Bc3 Qd6 30. Nf5 Qd7 31. Kh2 Kh8 32. Nh4 Qa7 33. Ng6+ Kg8 34.
Qf5 Qd7 35. Qc2 Qd3 36. Qb3+ Kh7 37. Nh4 Qb1 38. Qe6 Rd1 39. Qf5+ Kg8 40. Qxb1
Rxb1 41. Nf5 Kf7 42. Nd6+ Ke6 43. Nc8 Kd7 44. Nb6+ Kc6 45. Nc8 Kd7 46. Nb6+ Ke6
47. a4 Rd1 48. a5 Rd8 49. Kg3 Kd6 50. Kf3 Kc5 51. Ke3 Rd1 0-1

[Event "Titled Tue 20th May Early"]
[Site "chess.com INT"]
[Date "2025.05.20"]
[Round "3"]
[White "Roienko, Artur"]
[Black "Mammadov, Ziya"]
[Result "1-0"]
[BlackTitle "CM"]
[WhiteElo "2215"]
[BlackElo "1681"]
[WhiteFideId "14136732"]
[BlackFideId "13418890"]
[EventDate "2025.05.20"]

1. e4 e6 2. d4 d5 3. e5 c5 4. c3 Nc6 5. Nf3 Qb6 6. a3 Bd7 7. b4 cxb4 8. cxb4 a6
9. Bb2 f6 10. exf6 Nxf6 11. Bd3 g6 12. O-O Bg7 13. Nc3 Rc8 14. Na4 Qc7 15. Nc5
O-O 16. Re1 Nd8 17. Rc1 Qd6 18. Ne5 Bc6 19. Nxc6 Rxc6 20. Qe2 Nh5 21. g3 Bh6 22.
Rc2 Ng7 23. Qg4 Rf5 24. Bxf5 Nxf5 25. Rce2 Qe7 26. h4 Bg7 27. h5 Nh6 28. Qf3 Nf5
29. hxg6 hxg6 30. Qg4 Nh6 31. Qxg6 Qf7 32. Qg5 Qf8 33. Nxe6 Nxe6 34. Rxe6 Rxe6
35. Rxe6 Qc8 36. Rxh6 Qc2 37. Bc1 Kf7 38. Rh5 Qd1+ 39. Kg2 1-0

[Event "Titled Tue 20th May Early"]
[Site "chess.com INT"]
[Date "2025.05.20"]
[Round "3"]
[White "Coelho, Ramyres Santana"]
[Black "Burmakin, Evgeniy"]
[Result "0-1"]
[WhiteTitle "WFM"]
[BlackTitle "FM"]
[WhiteElo "1989"]
[BlackElo "2110"]
[WhiteFideId "2120690"]
[BlackFideId "4163729"]
[EventDate "2025.05.20"]

1. e4 c5 2. Nf3 d6 3. d4 cxd4 4. Nxd4 Nf6 5. Nc3 a6 6. f3 e5 7. Nb3 Be7 8. Be3
Be6 9. Qd2 O-O 10. O-O-O Nbd7 11. g4 b5 12. g5 b4 13. Nd5 Nxd5 14. exd5 Bf5 15.
h4 a5 16. Bd3 Bxd3 17. Qxd3 a4 18. Nd2 f5 19. gxf6 Nxf6 20. Ne4 Nxe4 21. Qxe4 b3
22. a3 bxc2 23. Rd2 Qd7 24. h5 Qf5 25. Qg4 Qxf3 26. Qe6+ Rf7 27. Rh3 Qf1+ 28.
Kxc2 Kh8 29. Bb6 Bg5 30. Rc3 Bxd2 31. Kxd2 Raf8 32. Be3 Qg2+ 33. Kd3 Rf6 34. Qd7
h6 35. Qb5 Qf1+ 36. Kc2 Qxb5 37. Rd3 Rc8+ 38. Rc3 Rxc3+ 39. Kxc3 Qb3+ 40. Kd2
Qxb2+ 41. Kd3 Qxa3+ 42. Ke2 Qb2+ 43. Kd3 Qb3+ 44. Ke2 a3 45. Bd2 a2 0-1

[Event "Titled Tue 20th May Early"]
[Site "chess.com INT"]
[Date "2025.05.20"]
[Round "3"]
[White "Williams, Simon K"]
[Black "Nugumanov, Bakhtiyar"]
[Result "0-1"]
[WhiteTitle "GM"]
[BlackTitle "IM"]
[WhiteElo "2445"]
[BlackElo "2305"]
[WhiteFideId "404454"]
[BlackFideId "13701797"]
[EventDate "2025.05.20"]

1. d4 Nf6 2. Bg5 e6 3. Nf3 Be7 4. Nbd2 d5 5. e3 c5 6. c3 Nc6 7. Bd3 h6 8. Bh4
O-O 9. O-O Re8 10. Ne5 Nxe5 11. dxe5 Nd7 12. Bxe7 Qxe7 13. f4 b6 14. Qh5 Bb7 15.
c4 d4 16. e4 Rad8 17. Rf3 f6 18. exf6 Nxf6 19. Qh3 e5 20. Raf1 Nd7 21. f5 Rf8
22. Rg3 Kh8 23. Nf3 Rf6 24. Nh4 Nf8 25. Rgf3 Bc6 26. g4 Nh7 27. Ng6+ Rxg6 28.
fxg6 Ng5 29. Qh5 Nxf3+ 30. Rxf3 Qd6 31. g5 Be8 32. Rf6 Qe7 33. Rf5 Qd6 34. gxh6
Qxg6+ 35. Qxg6 Bxg6 36. hxg7+ Kxg7 37. Rxe5 Re8 38. Rxe8 Bxe8 39. Kf2 Kf6 40.
Kg3 Ke5 41. Kg4 Bg6 42. h4 Bxe4 43. Bf1 d3 44. h5 d2 45. Be2 Bc2 46. Kf3 d1=Q 0-1

[Event "Titled Tue 20th May Early"]
[Site "chess.com INT"]
[Date "2025.05.20"]
[Round "3"]
[White "Bologan, Victor"]
[Black "Burmakin, Vladimir"]
[Result "1-0"]
[WhiteTitle "GM"]
[BlackTitle "GM"]
[WhiteElo "2601"]
[BlackElo "2435"]
[WhiteFideId "13900048"]
[BlackFideId "4105109"]
[EventDate "2025.05.20"]

1. e4 c6 2. Nf3 d5 3. d3 g6 4. Qe2 Bg7 5. g3 d4 6. Bg2 c5 7. O-O Nc6 8. a4 e5 9.
Na3 Nge7 10. Nc4 O-O 11. c3 Be6 12. Ng5 Bxc4 13. dxc4 h6 14. Nf3 Qd7 15. Rd1
Rad8 16. Ne1 Qe6 17. a5 Kh7 18. Ra4 Rfe8 19. Nd3 b6 20. axb6 axb6 21. f4 exf4
22. Nxf4 Qd7 23. Nd5 Nxd5 24. cxd5 Ne7 25. Qc2 Nc8 26. cxd4 cxd4 27. Rc4 Nd6 28.
Rc7 Qg4 29. Bf4 Nxe4 30. Rxf7 Rxd5 31. Re1 Rc5 32. Qa4 Nd6 33. Rxg7+ Kxg7 34.
Qa7+ Kg8 35. Rf1 Qe6 36. Qxb6 1-0

[Event "Titled Tue 20th May Early"]
[Site "chess.com INT"]
[Date "2025.05.20"]
[Round "3"]
[White "Li, Hui"]
[Black "Tologon tegin, Semetei"]
[Result "0-1"]
[WhiteTitle "CM"]
[BlackTitle "IM"]
[WhiteElo "2041"]
[BlackElo "2313"]
[WhiteFideId "15400310"]
[BlackFideId "13800574"]
[EventDate "2025.05.20"]

1. e4 g6 2. d4 Bg7 3. Nf3 e6 4. c3 Ne7 5. Bd3 d6 6. O-O Nd7 7. Re1 b6 8. Nbd2
Bb7 9. Nf1 h6 10. Ng3 a6 11. h3 O-O 12. Be3 c5 13. Qd2 Kh7 14. h4 e5 15. h5 Qc7
16. dxe5 dxe5 17. Qc2 c4 18. Be2 b5 19. a4 Nf6 20. Red1 Ng4 21. Bd2 Nf6 22. Be3
Nc6 23. Bc5 Rfd8 24. Rxd8 Rxd8 25. axb5 axb5 26. b3 Na5 27. b4 Nb3 28. Rd1 Rxd1+
29. Qxd1 Nxe4 30. Nxe4 Bxe4 31. hxg6+ fxg6 32. Bd6 Qb7 33. Bxe5 Bxe5 34. Nxe5
Bxg2 35. Qd6 Be4 36. Bg4 Qg7 37. Be6 Bf5 38. Bf7 Nd2 39. Be8 Qxe5 40. Qxe5 Nf3+
41. Kg2 Nxe5 42. Bxb5 Be6 43. f4 Nd3 44. Bc6 Nxf4+ 45. Kf3 Nd5 46. Ke4 Nxc3+ 47.
Kd4 Ne2+ 48. Ke5 c3 0-1

[Event "Titled Tue 20th May Early"]
[Site "chess.com INT"]
[Date "2025.05.20"]
[Round "3"]
[White "Weetik, Vjacheslav"]
[Black "Firouzja, Alireza"]
[Result "1-0"]
[WhiteTitle "FM"]
[BlackTitle "GM"]
[WhiteElo "2423"]
[BlackElo "2757"]
[WhiteFideId "4153472"]
[BlackFideId "12573981"]
[EventDate "2025.05.20"]

1. Nf3 d5 2. g3 c5 3. Bg2 f6 4. d3 e5 5. e4 d4 6. a4 Be6 7. Nh4 Nc6 8. O-O Qd7
9. f4 O-O-O 10. Na3 Kb8 11. Nc4 Nge7 12. fxe5 fxe5 13. Nf3 Bxc4 14. dxc4 Nc8 15.
Ng5 Nd6 16. Bh3 Qe7 17. Qe2 Re8 18. Bd2 h6 19. Ne6 Qd7 20. Ng5 Qe7 21. Ne6 Ka8
22. b3 g5 23. Nxc5 Nxc4 24. Rxf8 d3 25. Rxe8+ Rxe8 26. Nxd3 Nd4 27. Qd1 Nxd2 28.
Bg2 Rc8 29. Qxd2 Rxc2 30. Qb4 Qd8 31. Rf1 Rc8 32. Nxe5 a5 33. Qe1 Nxb3 34. Kh1
Nd2 35. Rf2 Nb3 36. Rf1 Rc2 37. Nf3 g4 38. Nh4 Nd2 39. Rg1 Qd4 40. e5 Nb3 41. e6
Rc1 42. e7 Rxe1 43. Rxe1 Ka7 44. e8=Q Qb4 45. Qe3+ Nc5 46. Nf5 1-0

[Event "Titled Tue 20th May Early"]
[Site "chess.com INT"]
[Date "2025.05.20"]
[Round "3"]
[White "Lewicki, Miroslaw"]
[Black "Deichmann, Esteban Horacio"]
[Result "1-0"]
[WhiteTitle "IM"]
[WhiteElo "2317"]
[BlackElo "2085"]
[WhiteFideId "1113380"]
[BlackFideId "167410"]
[EventDate "2025.05.20"]

1. e4 e6 2. d4 d5 3. Nd2 c5 4. exd5 exd5 5. Ngf3 Nf6 6. Bb5+ Nc6 7. O-O Bd6 8.
dxc5 Bxc5 9. Nb3 Bb6 10. Re1+ Be6 11. Nbd4 Qd7 12. Ne5 Nxd4 13. Bxd7+ Nxd7 14.
Be3 Nc6 15. Nxd7 Kxd7 16. Bxb6 axb6 17. c3 h5 18. Qf3 Rh6 19. Qe3 Kc7 20. Qg3+
Kd7 21. Qxg7 Rg6 22. Qh7 Rag8 23. g3 h4 24. Qxh4 Rg4 25. Qh6 R4g5 26. Re3 Ne5
27. Qh7 Ng4 28. Rxe6 Kxe6 29. Re1+ Kd6 30. Qxf7 R5g6 31. Qf4+ Kc6 32. a4 Rf6 33.
Qb4 Rg7 34. f4 Rd6 35. Qb5+ Kc7 36. Qe8 Nf6 37. Re7+ Rxe7 38. Qxe7+ Nd7 39. h4
d4 40. cxd4 Rxd4 41. h5 Kc6 42. h6 Rd1+ 43. Kg2 Rd2+ 44. Kh3 Rd1 45. h7 Nc5 46.
h8=Q Rh1+ 47. Kg2 Rxh8 48. Qf6+ Kd5 49. Qxh8 Kc4 50. Qc3+ Kd5 51. b4 Ne4 52.
Qe5+ 1-0

[Event "Titled Tue 20th May Early"]
[Site "chess.com INT"]
[Date "2025.05.20"]
[Round "3"]
[White "Berikkyzy Alanna"]
[Black "Ugorek, Kacper"]
[Result "0-1"]
[WhiteTitle "WFM"]
[BlackTitle "CM"]
[WhiteElo "2104"]
[BlackElo "2262"]
[WhiteFideId "13780719"]
[BlackFideId "21890676"]
[EventDate "2025.05.20"]

1. e4 Nf6 2. Nc3 d5 3. exd5 Nxd5 4. Bc4 Nb6 5. Bb3 Nc6 6. Nf3 Bf5 7. d4 e6 8. h3
Na5 9. O-O Be7 10. Ne5 O-O 11. Ne2 Nxb3 12. axb3 c5 13. c3 cxd4 14. Nxd4 Bf6 15.
Nxf5 Bxe5 16. Ne3 Qxd1 17. Rxd1 a6 18. Ng4 Bc7 19. Be3 Rad8 20. f3 f5 21. Nf2
Kf7 22. Bc5 Rxd1+ 23. Rxd1 Rd8 24. Rxd8 Bxd8 25. Nd3 Nd7 26. Bd4 Bf6 27. Bxf6
Kxf6 28. Kf2 e5 29. Ke3 Ke6 30. g3 g6 31. h4 Kd5 32. Nb4+ Kd6 33. Nd3 Nc5 34.
Nc1 b5 35. b4 Na4 36. Nd3 Kd5 37. g4 e4 38. Nf4+ Ke5 39. gxf5 gxf5 40. fxe4 fxe4
41. Nh5 Nxb2 42. Ng3 Nc4+ 43. Ke2 Kf4 44. Nh5+ Ke5 45. Ng3 Nb6 46. Ke3 Nd5+ 47.
Kd2 Kf4 48. Nh5+ Kg4 49. Nf6+ Kxh4 50. Nxd5 Kg5 51. Ke3 Kf5 52. Nf4 h6 53. Nh5
Ke5 54. Ng7 Kd5 55. Nh5 Kc4 56. Kxe4 Kxc3 57. Nf6 Kxb4 58. Nd7 a5 59. Ne5 a4 60.
Nd3+ Kc3 0-1

[Event "Titled Tue 20th May Early"]
[Site "chess.com INT"]
[Date "2025.05.20"]
[Round "3"]
[White "Nguyen, Ngoc Truong Son"]
[Black "Azadaliyev, Jahandar"]
[Result "1-0"]
[WhiteTitle "GM"]
[BlackTitle "FM"]
[WhiteElo "2632"]
[BlackElo "2290"]
[WhiteFideId "12401110"]
[BlackFideId "13425811"]
[EventDate "2025.05.20"]

1. e4 c6 2. d4 d5 3. e5 Bf5 4. g4 Bd7 5. c4 e6 6. Nc3 Ne7 7. Nge2 h5 8. gxh5 Nf5
9. Ng3 Nh4 10. Qg4 g6 11. hxg6 Nxg6 12. Bg5 Be7 13. Bxe7 Qxe7 14. Nh5 Na6 15.
Nf6+ Kd8 16. cxd5 exd5 17. Qxd7+ Qxd7 18. Nxd7 Kxd7 19. Bxa6 bxa6 20. Na4 Rh4
21. O-O-O Rah8 22. Nc5+ Ke7 23. Nxa6 Rxh2 24. Rxh2 Rxh2 25. Rd2 Nf4 26. Nc5 f6
27. exf6+ Kxf6 28. Kc2 Rh1 29. Kc3 Rc1+ 30. Kb4 Ke7 31. Ka5 Kd6 32. Ka6 Ra1 33.
b3 Rh1 34. Kxa7 Kc7 35. Na6+ Kd6 36. Kb6 Ne6 37. Nc5 Nc7 38. a4 Rh7 39. f4 Na8+
40. Ka5 Rf7 41. Rf2 Kc7 42. f5 Kd6 43. Kb4 Ra7 44. f6 Rf7 45. a5 Nc7 46. a6 Nb5
47. Rf4 Kc7 48. Ka5 Kd6 49. Kb6 Na7 50. Nb7+ 1-0

[Event "Titled Tue 20th May Early"]
[Site "chess.com INT"]
[Date "2025.05.20"]
[Round "3"]
[White "Timofeev, Artyom"]
[Black "Karpenko, Anton"]
[Result "0-1"]
[WhiteTitle "GM"]
[BlackTitle "CM"]
[WhiteElo "2548"]
[BlackElo "2218"]
[WhiteFideId "4140419"]
[BlackFideId "34374353"]
[EventDate "2025.05.20"]

1. c4 Nf6 2. Nc3 c5 3. Nf3 b6 4. e4 d6 5. d4 cxd4 6. Nxd4 Bb7 7. Bd3 Nbd7 8. O-O
e6 9. Qe2 Be7 10. f4 a6 11. e5 dxe5 12. fxe5 Bc5 13. exf6 Bxd4+ 14. Kh1 Bxf6 15.
Ne4 Be7 16. Qg4 O-O 17. Bh6 g6 18. Bxf8 Bxf8 19. Qf4 f5 20. Rad1 e5 21. Qf2 Qe8
22. Ng5 Bc5 23. Qh4 Qe7 24. b4 Be3 25. Qxh7+ Qxh7 26. Nxh7 Kxh7 27. Bxf5 Nf8 28.
Be6 Bxg2+ 29. Kxg2 Nxe6 30. Rf7+ Kh6 31. Rd6 Nf4+ 32. Kf3 Bg1 33. h4 Kh5 34. Kg3
Rh8 35. Rdd7 Kh6 36. Kg4 Ne2 0-1

[Event "Titled Tue 20th May Early"]
[Site "chess.com INT"]
[Date "2025.05.20"]
[Round "3"]
[White "Hamedi Nia, Vesal"]
[Black "Tsolakidou, Stavroula"]
[Result "0-1"]
[WhiteTitle "WIM"]
[BlackTitle "IM"]
[WhiteElo "2010"]
[BlackElo "2428"]
[WhiteFideId "12542253"]
[BlackFideId "4264312"]
[EventDate "2025.05.20"]

1. d4 Nf6 2. Nf3 g6 3. Bg5 Bg7 4. Nbd2 O-O 5. c3 h6 6. Bh4 d6 7. e4 c5 8. d5 g5
9. Bg3 Nh5 10. Bd3 Nd7 11. O-O b5 12. Bxb5 Rb8 13. a4 a6 14. Bxd7 Bxd7 15. Rb1
f5 16. exf5 Bxf5 17. Nc4 Bxb1 18. Qxb1 Qd7 19. Qc2 Qf5 20. Qe2 Qxd5 21. Ne3 Qf7
22. Re1 Nxg3 23. hxg3 Rb7 24. Nd1 a5 25. g4 d5 26. Qa6 e5 27. Nxe5 Bxe5 28. Rxe5
Re7 29. Rxe7 Qxe7 30. Qg6+ Qg7 31. Qe6+ Qf7 32. Qxh6 Qf6 33. Qh3 d4 34. Qd3 Kg7
35. Qc4 Qe5 36. Kf1 Re8 37. g3 Qe1+ 38. Kg2 Qxd1 39. Qxc5 Qxg4 40. Qc7+ Kg8 41.
Qc4+ Qe6 0-1

[Event "Titled Tue 20th May Early"]
[Site "chess.com INT"]
[Date "2025.05.20"]
[Round "3"]
[White "Sammed Jaykumar, Shete"]
[Black "Behzad Nazif, Parva"]
[Result "1-0"]
[WhiteTitle "IM"]
[BlackTitle "WIM"]
[WhiteElo "2377"]
[BlackElo "2090"]
[WhiteFideId "5073421"]
[BlackFideId "12563790"]
[EventDate "2025.05.20"]

1. c4 e5 2. g3 Nf6 3. Bg2 d5 4. cxd5 Nxd5 5. Nf3 Nc6 6. d3 Be7 7. Nc3 Be6 8. O-O
O-O 9. a3 a5 10. Qc2 Re8 11. Ne4 a4 12. Nfg5 Bg4 13. h3 Nd4 14. Qc4 Bxe2 15.
Nxf7 Kxf7 16. Nc3 c6 17. Re1 Bf3 18. Rxe5 Bf6 19. Nxd5 cxd5 20. Rxe8 Qxe8 21.
Qc7+ Qe7 22. Qb6 Bxg2 23. Kxg2 Qe2 24. Qxb7+ Be7 25. Qxd5+ Ne6 26. Qxa8 Bc5 27.
Qf3+ Qxf3+ 28. Kxf3 Nd4+ 29. Ke4 Nb3 30. Rb1 Bxf2 31. Be3 Bxg3 32. Rf1+ Ke6 33.
Rg1 Be5 34. d4 Bf6 35. Rf1 Kd6 36. Rf5 1-0

[Event "Titled Tue 20th May Early"]
[Site "chess.com INT"]
[Date "2025.05.20"]
[Round "3"]
[White "Subervi, Jonathan Sigfredo"]
[Black "Korkmaz, Necmettin"]
[Result "0-1"]
[WhiteTitle "FM"]
[BlackTitle "CM"]
[WhiteElo "2039"]
[BlackElo "2059"]
[WhiteFideId "6400345"]
[BlackFideId "6303285"]
[EventDate "2025.05.20"]

1. e4 e5 2. Nf3 Nc6 3. Bc4 Nf6 4. d3 h6 5. a4 d6 6. c3 g5 7. O-O g4 8. Nh4 Be6
9. Bxe6 fxe6 10. Ng6 Rg8 11. Nxf8 Rxf8 12. Bxh6 Rg8 13. f4 Qe7 14. Bg5 exf4 15.
Bxf4 O-O-O 16. Nd2 Nh5 17. Be3 e5 18. Rf5 Qh7 19. Bg5 Rd7 20. Qxg4 Nf4 21. h4
Nxd3 22. Nc4 Nf4 23. Ne3 Ne7 24. Rf6 Neg6 25. Nd5 Nxd5 26. exd5 Nf4 27. Rf1 Kb8
28. c4 b6 29. g3 Nh5 30. Rf8+ Rxf8 31. Rxf8+ Kb7 32. Qe6 Nxg3 33. a5 bxa5 34.
Kg2 Nh5 35. Qe8 Qe4+ 36. Kh3 Rh7 37. Qc8+ Kb6 38. Qb8+ Kc5 39. Qb5+ Kd4 40. Qb3
Nf4+ 41. Kg4 Ne6+ 42. Kg3 Nxf8 43. Qc3+ Kc5 44. Be3+ Qxe3+ 45. Qxe3+ Kxc4 46.
Qe4+ Kc5 47. Qc2+ Kxd5 0-1